000 00611cam9a220022900 4500
001 tmp15851196
003 UPRA
005 20190816094654.0
008 951107s1976 xx eng u
020 _a0895120100
035 _a(Sirsi) r38969
035 _a(UPRA)tmp15851196
040 _cUPRA
050 0 _aTK1111
_bDal 1976
100 1 _aDale, Charles W.
_6A100316.1
245 1 0 _aPractical applications of DC theory /
_cCharles W. Dale, Ralph A. Oliva.
250 _a3rd ed.
260 _c1976.
350 _a25
949 _aTK1111
_wlcc
_i33729001897169
_mMAIN
_p2500
_tBOOK
_lON-SHELF
004 38969
999 _c83462
_d83462